[Event "NIC Classic KO 2021"]
[Site "chess24.com INT"]
[Date "2021.05.01"]
[Round "3.12"]
[White "Nakamura,Hi"]
[Black "Carlsen,M"]
[Result "1/2-1/2"]
[WhiteElo "2736"]
[BlackElo "2847"]

1.e4 e5 2.Nf3 Nc6 3.Bb5 Nf6 4.d3 Bc5 5.c3 O-O 6.O-O d6 7.h3 a6 8.Bxc6 bxc6
9.Nbd2 Re8 10.Re1 Bb6 11.Nf1 Nd7 12.Ng3 Nf8 13.d4 Ng6 14.Be3 a5 15.Qc2 a4
16.Rad1 Be6 17.c4 f6 18.b4 axb3 19.axb3 Ba5 20.Rf1 Bb4 21.Ra1 Qd7 22.Rfd1 Rxa1
23.Rxa1 d5 24.cxd5 cxd5 25.dxe5 Nxe5 26.Nxe5 fxe5 27.exd5 Bxd5 28.Ra7 Rc8
29.Bb6 cxb6 30.Rxd7 Rxc2 31.Rxd5 Bc5 32.Ne4 Bd4 33.Kf1 Rb2 34.f4 Rb1+ 35.Ke2 Rb2+
36.Kf1 Rb1+ 37.Ke2 Rb2+ 38.Kf1 Rb1+  1/2-1/2

[Event "NIC Classic KO 2021"]
[Site "chess24.com INT"]
[Date "2021.05.01"]
[Round "3.11"]
[White "Carlsen,M"]
[Black "Nakamura,Hi"]
[Result "1/2-1/2"]
[WhiteElo "2847"]
[BlackElo "2736"]

1.d4 Nf6 2.c4 e6 3.Nc3 Bb4 4.Qc2 O-O 5.a3 Bxc3+ 6.Qxc3 d5 7.Bg5 dxc4 8.Qxc4 b6
9.Rd1 Ba6 10.Qa4 h6 11.Bh4 Qe7 12.Nf3 Rd8 13.e3 Bxf1 14.Rxf1 c5 15.dxc5 Rxd1+
16.Kxd1 g5 17.Bg3 Qxc5 18.Kd2 Nbd7 19.Rc1 Qd5+ 20.Ke2 Nc5 21.Qc4 Rd8 22.Qxd5 Nxd5
23.Nd4 a5 24.Rc4 Rd7 25.f3 a4 26.Nb5 f6 27.e4 Ne7 28.Bc7 Ng6 29.g3 Ne5 30.Bxe5 fxe5
31.Nc3 Nb3 32.Nxa4 b5 33.Rc8+ Kf7 34.Nc5 Rd2+ 35.Ke3 Rxb2 36.Rc7+ Ke8 37.Nxe6 Rxh2
38.Rb7 Nc1 39.f4 gxf4+ 40.gxf4 Rh3+ 41.Kd2 Nb3+ 42.Kc2 Na5 43.Rxb5 Nc4 44.Rb4 Ne3+
45.Kd2 exf4 46.a4 Ng2 47.e5 f3 48.Ng7+ Kf8 49.Nf5 f2 50.e6 Rd3+ 51.Ke2 f1=Q+
52.Kxf1 Rf3+ 53.Kxg2 Rxf5 54.Rb5 Rf4 55.Ra5 Ke7 56.Ra6 h5 57.a5 Ra4 58.Kh3 h4
59.Ra8 Kxe6 60.a6 Kd7 61.a7 Kc7 62.Rh8 Rxa7 63.Rh7+ Kb8 64.Rxa7 Kxa7 65.Kxh4  1/2-1/2

[Event "NIC Classic KO 2021"]
[Site "chess24.com INT"]
[Date "2021.05.01"]
[Round "3.13"]
[White "Carlsen,M"]
[Black "Nakamura,Hi"]
[Result "1-0"]
[WhiteElo "2847"]
[BlackElo "2736"]

1.e4 e5 2.Nf3 Nc6 3.Bc4 Bc5 4.c3 Nf6 5.d3 O-O 6.O-O d5 7.exd5 Nxd5 8.a4 Bg4
9.h3 Bh5 10.a5 Nf6 11.b4 Bd6 12.Nbd2 a6 13.Ne4 Nxe4 14.dxe4 Kh8 15.Qd3 Qe7
16.Re1 Nd8 17.g3 Ne6 18.Nh4 Rad8 19.Nf5 Qf6 20.g4 Bg6 21.Qf3 h6 22.Kg2 Nf4+
23.Bxf4 exf4 24.Nxd6 cxd6 25.Bd5 Rd7 26.Rad1 Re8 27.Bxb7 Rxb7 28.e5 Qe7 29.exd6 Qd7
30.Rxe8+ Qxe8 31.Rd4 Rd7 32.Qxf4 Qb8 33.Kg3 f6 34.h4 Kg8 35.Kg2 Bf7 36.Kg3 Be6
37.g5 hxg5 38.hxg5 fxg5 39.Qe5 Bf7 40.f3 Kf8 41.Kf2 Kg8 42.Kg3 Kf8 43.Qxg5 Rxd6
44.Qc5 Ke7 45.Qe5+ Kd7 46.Kf2 Qf8 47.Qf5+ Kc6 48.Qc5+ Kd7 49.Qf5+ Kc6 50.Rxd6+ Qxd6
51.Qxf7 Qd2+ 52.Kg3 Qxc3 53.Qe8+ Kc7 54.Qe4 Kd6 55.Kg4 Qa1 56.Qd3+ Ke7 57.Qe3+ Kf7
58.Qc5 Kg8 59.Kf4 Qd1 60.Ke5 Kh7 61.Qd5 Qa4 62.Qe4+ Kh8 63.Kd6 Qb5 64.Kc7 Kg8
65.Qe6+ Kh7 66.Qd6 Qe2 67.f4 Qb5 68.Qc5 Qf1 69.Qh5+ Kg8 70.Qd5+ Kh7 71.Qe4+ Kh8
72.Kb6 Qb5+ 73.Ka7 Qf1 74.Qe8+ Kh7 75.Qh5+ Kg8 76.Qd5+ Kh7 77.f5 Qb1 78.Qd6 Qxf5
79.Kxa6 g5 80.b5 Qf1 81.Kb6 Qf2+ 82.Qc5 Qf6+ 83.Ka7 Qf7+ 84.Ka6 g4 85.b6 g3
86.b7 Qf1+ 87.Ka7 Qf2 88.Qb6 Qf7 89.Qb1+ Kh6 90.Qe4 Qg7  1-0

[Event "NIC Classic KO 2021"]
[Site "chess24.com INT"]
[Date "2021.05.01"]
[Round "3.14"]
[White "Nakamura,Hi"]
[Black "Carlsen,M"]
[Result "0-1"]
[WhiteElo "2736"]
[BlackElo "2847"]

1.d4 d5 2.c4 c6 3.Nf3 Nf6 4.e3 Bg4 5.h3 Bxf3 6.Qxf3 e6 7.Bd3 Nbd7 8.O-O Bd6
9.Nc3 O-O 10.Rd1 Re8 11.Qe2 Qe7 12.Bd2 dxc4 13.Bxc4 e5 14.dxe5 Qxe5 15.g3 b5
16.Bb3 a5 17.Bc2 Qe6 18.Kg2 a4 19.a3 Ne5 20.Bb1 Qe7 21.Be1 Rad8 22.Ba2 Ned7
23.Qc2 Be5 24.Rac1 Nc5 25.Ne2 Rxd1 26.Rxd1 Qa7 27.Rc1 Ne6 28.f3 Nd5 29.Qxc6 Nxe3+
30.Kh1 Qb8 31.Bf2 Bxb2 32.Bxe3 Bxc1 33.Bxc1 Rc8 34.Qe4 Qd6 35.Be3 Qd1+ 36.Ng1 Qc2
37.Qd5 Rd8  0-1

[Event "NIC Classic KO 2021"]
[Site "chess24.com INT"]
[Date "2021.05.02"]
[Round "3.22"]
[White "Carlsen,M"]
[Black "Nakamura,Hi"]
[Result "1/2-1/2"]
[WhiteElo "2847"]
[BlackElo "2736"]

1.e4 e5 2.Nf3 Nc6 3.Bc4 Bc5 4.c3 Nf6 5.d3 O-O 6.O-O d5 7.exd5 Nxd5 8.Re1 Bg4
9.h3 Bh5 10.b4 Be7 11.b5 Na5 12.Rxe5 Nf6 13.Nbd2 Bd6 14.Re1 Re8 15.Bb3 Qd7
16.Rxe8+ Rxe8 17.Bc2 Nd5 18.Ne4 Nxc3 19.Nxc3 Bxf3 20.Qd2 Qe6 21.Qe3 Qd7 22.Qd2 Qe6
23.Qe3 Qd7 24.Qd2  1/2-1/2

[Event "NIC Classic KO 2021"]
[Site "chess24.com INT"]
[Date "2021.05.02"]
[Round "3.24"]
[White "Carlsen,M"]
[Black "Nakamura,Hi"]
[Result "1/2-1/2"]
[WhiteElo "2847"]
[BlackElo "2736"]

1.e4 c5 2.c3 g6 3.d4 cxd4 4.cxd4 d5 5.e5 Bg7 6.Nf3 Nh6 7.Bb5+ Nc6 8.O-O O-O
9.h3 f6 10.exf6 exf6 11.Nc3 g5 12.Re1 Qd6 13.Ba4 Kh8 14.Bb3 Ne7 15.Qe2 Nhg8
16.Qb5 Rd8 17.Bd2 b6 18.Ne2 a5 19.Bc2 Ba6 20.Qb3 Rdc8 21.Rac1 Rc6 22.Bb1 Rac8
23.Rxc6 Rxc6 24.Nc3 Bc8 25.Bd3 Qd8 26.Qc2 h6 27.Qd1 Be6 28.Qe2 Bf7 29.Nb5 Ng6
30.Qd1 N8e7 31.Qb1 Qd7 32.b4 axb4 33.Bxb4 h5 34.Nc3 Rc7 35.Ne2 h4 36.Bxe7 Nxe7
37.Qxb6 Bh5 38.Nh2 f5 39.Bb5 Qc8 40.Qd6 Ng8 41.Nf3 Bxf3 42.gxf3 Nf6 43.a4 Ra7  1/2-1/2

[Event "NIC Classic KO 2021"]
[Site "chess24.com INT"]
[Date "2021.05.02"]
[Round "3.21"]
[White "Nakamura,Hi"]
[Black "Carlsen,M"]
[Result "1-0"]
[WhiteElo "2736"]
[BlackElo "2847"]

1.d4 Nf6 2.c4 e6 3.Nc3 Bb4 4.Qc2 d5 5.cxd5 exd5 6.Bg5 h6 7.Bh4 c5 8.dxc5 Be6
9.e3 O-O 10.Nf3 Nbd7 11.Nd4 Bxc5 12.Bd3 Bxd4 13.exd4 Qb6 14.Qd2 Ne4 15.Bxe4 dxe4
16.d5 Bf5 17.O-O Qg6 18.d6 Ne5 19.Bg3 Rfe8 20.Nb5 Rad8 21.Qc3 Nc6 22.Nc7 Rf8
23.Rad1 h5 24.Qc5 Rd7 25.b4 a6 26.a4 e3 27.fxe3 Be4 28.Rd2 Kh7 29.b5 axb5
30.axb5 Nd8 31.Nd5 Ne6 32.Qc4 h4 33.Ne7 Qg4 34.Be5 Ng5 35.Bf4 Nh3+ 36.Kh1 f5
37.Qe6 Nxf4 38.Rxf4 Ra8 39.Kg1 Ra1+ 40.Rf1 Rxf1+ 41.Kxf1 Rd8 42.h3 Qg5 43.d7 Qxe3
44.Qg6+ Kh8 45.Qh5+ Qh6 46.Qe8+ Kh7 47.Qxd8 Bxg2+ 48.Ke2 Bf1+ 49.Kd1  1-0

[Event "FTX Crypto Cup Prelim"]
[Site "chess24.com INT"]
[Date "2021.05.25"]
[Round "12.1"]
[White "Aronian,L"]
[Black "Nakamura,Hi"]
[Result "1/2-1/2"]
[WhiteElo "2781"]
[BlackElo "2736"]

1.d4 Nf6 2.Nf3 d5 3.Bf4 Bf5 4.c4 e6 5.Qb3 Nc6 6.Nbd2 Be7 7.e3 O-O 8.c5 Rb8
9.Bb5 Ne4 10.Qa4 Nxd2 11.Kxd2 f6 12.Rhc1 Qd7 13.b3 Rfc8 14.h3 g5 15.Bh2 a6
16.Bxc6 Qxc6 17.Qxc6 bxc6 18.g4 Bg6 19.h4 h6 20.Bg3 Kf7 21.Kc3 Ke8 22.Nd2 Kd7
23.Rh1 Rh8 24.Rh2 Rh7 25.hxg5 hxg5 26.Rxh7 Bxh7 27.Rh1 Bg6 28.f3 Rg8 29.e4 dxe4
30.Nxe4 Kc8 31.Rh6 Kb7 32.Nd2 Kc8 33.Nc4 Bf8 34.Rh2 Bg7 35.f4 gxf4 36.Bxf4 Rh8
37.Rxh8+ Bxh8 38.g5 Bg7 39.gxf6 Bxf6 40.Nd2 Bf5  1/2-1/2

[Event "FTX Crypto Cup Prelim"]
[Site "chess24.com INT"]
[Date "2021.05.25"]
[Round "13.8"]
[White "Nakamura,Hi"]
[Black "Firouzja,Alireza"]
[Result "0-1"]
[WhiteElo "2736"]
[BlackElo "2759"]

1.d4 Nf6 2.c4 c5 3.d5 b5 4.cxb5 a6 5.bxa6 g6 6.Nc3 Bg7 7.g3 O-O 8.Nf3 Qa5
9.Bd2 d6 10.Bg2 Nbd7 11.O-O Nb6 12.Qc2 Qxa6 13.e4 Nc4 14.b3 Nxd2 15.Nxd2 Ng4
16.a4 Qa5 17.Rac1 Ba6 18.Nb5 Bxb5 19.axb5 Qxb5 20.h3 Ne5 21.Rfd1 Ra3 22.Bf1 Qb4
23.Qc3 Qb7 24.Qe3 Ra2 25.Be2 Rb8 26.Kf1 Nd7 27.Nf3 Qb4 28.Bc4 Rba8 29.Qd3 Rb2
30.Rc2 Raa2 31.Rxb2 Rxb2 32.Re1 Ra2 33.Bb5 Ne5 34.Nxe5 Bxe5 35.Re2 Ra1+ 36.Kg2 Qa3
37.Qc2 Rc1 38.Qa2 Qb4 39.Bc4 Qc3 40.Re3 Qd4 41.Bf1 Kg7 42.Qe2 Qa1 43.Qa6 Qb2
44.Qe2 Rc2 45.Qf3 Qa1 46.Bd3 Rc1 47.Re2 Rh1 48.Qe3 Qf1+ 49.Kf3 Qxh3 50.Qg5 Rd1
51.Re3  0-1

[Event "FTX Crypto Cup Prelim"]
[Site "chess24.com INT"]
[Date "2021.05.25"]
[Round "14.2"]
[White "Svidler,P"]
[Black "Nakamura,Hi"]
[Result "0-1"]
[WhiteElo "2714"]
[BlackElo "2736"]

1.e4 e5 2.Nf3 Nc6 3.Bc4 Bc5 4.c3 Nf6 5.d3 O-O 6.O-O d5 7.exd5 Nxd5 8.a4 Nb6
9.Bb3 a5 10.Re1 Bg4 11.h3 Bh5 12.Qe2 Bg6 13.Bc2 Qd7 14.Nh4 Rad8 15.Nxg6 hxg6
16.Nd2 Nd5 17.Ne4 Be7 18.Bb3 Qf5 19.Bc4 Nb6 20.Bb5 Na7 21.Be3 Nxb5 22.axb5 Qd7
23.Bc5 a4 24.d4 exd4 25.Bxd4 Nd5 26.Red1 Rfe8 27.c4 Nf4 28.Qf3 Qf5 29.Ng3 Nxh3+
30.Kf1 Qxf3 31.gxf3 Ng5 32.Be5 Rxd1+ 33.Rxd1 c6 34.Rd7 Nxf3 35.Bc3 cxb5 36.cxb5 b6
37.Ne4 a3 38.bxa3 Bxa3 39.Nd6 Bxd6 40.Rxd6 Re6 41.Rxe6 fxe6 42.Ke2 Ng5 43.Bd4 Ne4
44.Kf3 Nd6 45.Bxb6 Nxb5 46.Kg4 Kf7 47.f4 Nd6 48.Bd4 Nf5 49.Bb2 Kg8 50.Kg5 Kh7
51.Bc3 Nd6 52.Bb2 Nf7+ 53.Kg4 Kh6 54.Bc3 Nd6 55.Be5 Nc4 56.Bd4 Nd6 57.Be5 Nf5
58.Bc3 Ne3+ 59.Kf3 Nd5 60.Be5 Nf6  0-1

[Event "FTX Crypto Cup KO 2021"]
[Site "chess24.com INT"]
[Date "2021.05.26"]
[Round "1.12"]
[White "Carlsen,M"]
[Black "Nakamura,Hi"]
[Result "1-0"]
[WhiteElo "2847"]
[BlackElo "2736"]

1.e4 e5 2.Nf3 Nc6 3.Bc4 Bc5 4.O-O Nf6 5.d3 O-O 6.h3 h6 7.c3 d6 8.Re1 a5 9.d4 Bb6
10.Be3 exd4 11.cxd4 d5 12.exd5 Ne7 13.Nc3 Nexd5 14.Qd2 c6 15.Bxh6 gxh6 16.Qxh6 Bf5
17.Re5 Bg6 18.Rg5 Nh7 19.Rg4 Re8 20.Nxd5 cxd5 21.Bd3 Nf8 22.Ne5 Re6 23.Bf5 Rd6
24.Nxg6 fxg6 25.Bxg6 Rxg6 26.Rxg6+ Nxg6 27.Qxg6+ Kh8 28.Qh5+ Kg8 29.Qg4+ Kh7
30.Re1 Rc8 31.Re6  1-0

[Event "FTX Crypto Cup KO 2021"]
[Site "chess24.com INT"]
[Date "2021.05.26"]
[Round "1.14"]
[White "Carlsen,M"]
[Black "Nakamura,Hi"]
[Result "1-0"]
[WhiteElo "2847"]
[BlackElo "2736"]

1.e4 e5 2.Nf3 Nc6 3.Bc4 Bc5 4.O-O Nf6 5.d3 O-O 6.h3 d5 7.exd5 Nxd5 8.a4 Be6
9.Ng5 Bf5 10.Qf3 Nde7 11.c3 h6 12.Ne4 Bd6 13.b4 a6 14.Nbd2 Kh8 15.Ba3 Bg6
16.Nxd6 cxd6 17.b5 Na5 18.Bb4 axb5 19.axb5 b6 20.Bd5 Rc8 21.c4 f5 22.Be6 Rb8
23.Bxa5 bxa5 24.d4 Rf6 25.d5 Bf7 26.Bxf7 Rxf7 27.Nb3 Ra8 28.c5 a4 29.c6 Qb6
30.Qd3 Rb8 31.Rxa4 Ng6 32.Rb4 Nf4 33.Rxf4 exf4 34.Nd4 f3 35.Rc1 Ra7 36.Ne6 Ra2
37.Qd4  1-0

[Event "FTX Crypto Cup KO 2021"]
[Site "chess24.com INT"]
[Date "2021.05.26"]
[Round "1.13"]
[White "Nakamura,Hi"]
[Black "Carlsen,M"]
[Result "1-0"]
[WhiteElo "2736"]
[BlackElo "2847"]

1.e4 e5 2.Nf3 Nc6 3.Bb5 Nf6 4.d3 Bc5 5.O-O d6 6.Nc3 Bd7 7.Na4 Bb6 8.Nxb6 axb6
9.Re1 h6 10.c3 Ne7 11.Bc4 b5 12.Bb3 Ng6 13.d4 O-O 14.h3 Re8 15.Bc2 Bc6 16.Nd2 d5
17.dxe5 Nxe4 18.f4 Nh4 19.Nxe4 dxe4 20.Qxd8 Raxd8 21.Be3 Nf5 22.Kf2 g5 23.Rad1 Nxe3
24.Kxe3 gxf4+ 25.Kxf4 e3 26.Rd4 b4 27.g4 bxc3 28.bxc3 Rxd4+ 29.cxd4 Bd5 30.Bb3 Rd8
31.Kxe3 Bxb3 32.axb3 c6 33.h4 Rd5 34.b4 Rb5 35.Rb1 Kg7 36.Ke4 Kg6 37.h5+ Kg7
38.Kf5 Rd5 39.Ke4 Rb5 40.Rb2 Kf8 41.Kd3 Ke7 42.Kc4 f6 43.Re2 Rd5 44.exf6+ Kxf6
45.Re5 b5+ 46.Kd3 Rd8 47.Rc5 Rd6 48.Ke4 Re6+ 49.Re5 Rd6 50.d5 cxd5+ 51.Rxd5 Rb6
52.Kd4 Rb8 53.Rd6+ Kg5 54.Rg6+ Kh4 55.Kc5 Kg3 56.Rxh6 Kxg4 57.Rb6 Rc8+ 58.Kxb5  1-0

[Event "FTX Crypto Cup KO 2021"]
[Site "chess24.com INT"]
[Date "2021.05.26"]
[Round "1.11"]
[White "Nakamura,Hi"]
[Black "Carlsen,M"]
[Result "1-0"]
[WhiteElo "2736"]
[BlackElo "2847"]

1.e4 e5 2.Nf3 Nc6 3.Bb5 a6 4.Ba4 Nf6 5.O-O Nxe4 6.d4 b5 7.Bb3 d5 8.dxe5 Be6
9.Nbd2 Nc5 10.c3 Be7 11.Bc2 d4 12.Nb3 dxc3 13.Nxc5 Bxc5 14.Be4 Qd7 15.bxc3 Rd8
16.Qc2 Ne7 17.Bg5 h6 18.Rfd1 Qc8 19.Bxe7 Rxd1+ 20.Rxd1 Kxe7 21.Nd4 Re8 22.Bf3 g6
23.Qd2 Bxd4 24.cxd4 Bg4 25.d5 Bxf3 26.d6+ Kd7 27.gxf3 Re6 28.Rc1 c5 29.Qe3 c4
30.Qa7+ Ke8 31.Rd1 Qd7 32.Qa8+ Qd8 33.Qxa6 Kf8 34.Qxb5 Qg5+ 35.Kf1 Rxe5 36.Qxe5  1-0

[Event "FTX Crypto Cup KO 2021"]
[Site "chess24.com INT"]
[Date "2021.05.27"]
[Round "1.21"]
[White "Carlsen,M"]
[Black "Nakamura,Hi"]
[Result "0-1"]
[WhiteElo "2847"]
[BlackElo "2736"]

1.e4 e5 2.Nf3 Nc6 3.Bc4 Bc5 4.O-O Nf6 5.d3 O-O 6.Re1 Ng4 7.Re2 Kh8 8.h3 f5
9.Bg5 Nf6 10.Nc3 d6 11.Nd5 fxe4 12.dxe4 Be6 13.Nxf6 gxf6 14.Bxe6 fxg5 15.c3 Qf6
16.Bg4 Ne7 17.Qd2 Rg8 18.b4 Bb6 19.a4 a5 20.Qa2 Qg6 21.Qe6 Qg7 22.bxa5 Bxa5
23.Rb1 Ra7 24.Qc4 Qg6 25.Rb5 c6 26.Nxe5 dxe5 27.Rxe5 Rd8 28.Re6 Qg7 29.g3 Raa8
30.Kg2 Ng6 31.e5 Bc7 32.Bf5 Nxe5 33.Qb4 Rf8 34.Re7 Rf7 35.Qxb7 Raf8 36.Rxf7 Qxf7
37.Be4 h5 38.Bxc6 Qc4 39.Bb5 Qxc3 40.Qe4 Qc5 41.Rc2 Qd6 42.Be2 h4 43.gxh4 Ng6
44.Kf1 Bb6 45.Bf3 Ne5 46.Rd2 Qc5 47.Rc2 Nxf3 48.Rxc5 Nd2+ 49.Ke2 Nxe4 50.Rc6 Bxf2
51.hxg5 Nxg5 52.a5 Ne4 53.Kd3 Nc5+ 54.Kc4 Nb7 55.Rh6+ Kg7 56.Rh5 Ra8 57.Rf5 Nd6+  0-1

[Event "FTX Crypto Cup KO 2021"]
[Site "chess24.com INT"]
[Date "2021.05.27"]
[Round "1.24"]
[White "Nakamura,Hi"]
[Black "Carlsen,M"]
[Result "1/2-1/2"]
[WhiteElo "2736"]
[BlackElo "2847"]

1.e4 e5 2.Nf3 Nc6 3.Bb5 Nf6 4.d3 Bc5 5.O-O Nd4 6.Be3 Nxf3+ 7.Qxf3 Bxe3 8.Qxe3 c6
9.Bc4 O-O 10.Bb3 d6 11.Nd2 Qe7 12.f4 Be6 13.Rae1 exf4 14.Rxf4 Bxb3 15.Nxb3 Rae8
16.Qf2 d5 17.e5 Nd7 18.d4 Qe6 19.Nc1 f6 20.Nd3 fxe5 21.Nxe5 Rxf4 22.Qxf4 Nxe5
23.Rxe5 Qg6 24.Rxe8+ Qxe8 25.Kf2 h6 26.c3 Qg6 27.Qb8+ Kh7 28.Qe5 Qc2+ 29.Qe2 Qf5+
30.Qf3 Qb1 31.Kg3 Qxb2 32.Qf5+ Kg8 33.Qc8+ Kh7 34.Qf5+ Kg8 35.Qc8+ Kh7 36.Qf5+  1/2-1/2

[Event "FTX Crypto Cup KO 2021"]
[Site "chess24.com INT"]
[Date "2021.05.27"]
[Round "1.23"]
[White "Carlsen,M"]
[Black "Nakamura,Hi"]
[Result "1/2-1/2"]
[WhiteElo "2847"]
[BlackElo "2736"]

1.b4 e5 2.Bb2 Bxb4 3.Bxe5 Nf6 4.c3 Be7 5.e3 c5 6.Bxf6 Bxf6 7.g3 b6 8.Bg2 Nc6
9.d4 Ba6 10.Ne2 O-O 11.O-O Re8 12.Re1 Rc8 13.a3 Bxe2 14.Rxe2 cxd4 15.cxd4 Nxd4
16.exd4 Rxe2 17.Qxe2 Bxd4 18.Ra2 Rc1+ 19.Bf1 Rxb1 20.Qd3 Rb2 21.Rxb2 Bxb2
22.Qd6 g6 23.a4 Qe8 24.Qd2 Ba3 25.Bb5 Bc5 26.Bxd7 Qe4 27.Bb5 h5 28.Qe2 Qf5
29.Kg2 h4 30.gxh4 Qf4 31.h5 gxh5 32.Qf3 Qxf3+ 33.Kxf3 a5 34.Kg2 h4 35.h3 f6
36.f3 Kg7 37.Bc6 Kg6 38.Bb5 f5 39.Bc6 f4 40.Bb5 Kf6 41.Bc6 Ke5 42.Bb5 Kd4
43.Bc6 Ke3 44.Bb5 Bb4 45.Bc6 Bc5 46.Bb5 Bb4 47.Bc6 Bc5  1/2-1/2

[Event "FTX Crypto Cup KO 2021"]
[Site "chess24.com INT"]
[Date "2021.05.27"]
[Round "1.31"]
[White "Carlsen,M"]
[Black "Nakamura,Hi"]
[Result "1-0"]
[WhiteElo "2847"]
[BlackElo "2736"]

1.d4 Nf6 2.c4 e6 3.Nf3 d5 4.Nc3 Be7 5.Bf4 O-O 6.e3 Nbd7 7.Be2 dxc4 8.O-O Nb6
9.a4 a5 10.e4 c5 11.Nb5 Ne8 12.dxc5 Nd7 13.Bxc4 Bxc5 14.Qc2 Qe7 15.e5 h6
16.Rad1 Nb6 17.Ba2 Nd5 18.Bb1 f5 19.exf6 Nexf6 20.Be5 Bd7 21.Bxf6 gxf6 22.Rfe1 Qg7
23.Qxc5  1-0

[Event "FTX Crypto Cup KO 2021"]
[Site "chess24.com INT"]
[Date "2021.05.27"]
[Round "1.22"]
[White "Nakamura,Hi"]
[Black "Carlsen,M"]
[Result "0-1"]
[WhiteElo "2736"]
[BlackElo "2847"]

1.e4 c5 2.Nf3 d6 3.Bb5+ Nd7 4.Ba4 Nf6 5.O-O a6 6.c4 e6 7.Nc3 Be7 8.d4 cxd4
9.Nxd4 O-O 10.Qe2 Qc7 11.Bb3 b6 12.Be3 Bb7 13.f3 Rac8 14.Rac1 Rfe8 15.Rfd1 Qb8
16.Ba4 Rc7 17.b4 Rec8 18.Bb3 b5 19.Ncxb5 axb5 20.Nxb5 h5 21.a4 h4 22.a5 h3
23.Ra1 hxg2 24.Nxc7 Qxc7 25.b5 Ba8 26.Rdb1 d5 27.b6 Qe5 28.f4 Qc3 29.Qe1 Qd3
30.Ba4 Nc5 31.a6 Nxa6 32.b7 Bxb7 33.Rxb7 Bc5 34.Rb3 Qxc4 35.Bxc5 Nxc5 36.Rb4 Qf1+
37.Qxf1 gxf1=Q+ 38.Kxf1 Nd3 39.Rd4 dxe4 40.f5 exf5 41.Bd7 Nxd7 42.Rxd7 Rc2
43.Ra8+ Kh7 44.Re8 Kg6 45.Ree7 Kg5 46.Rxf7 g6 47.Rd6 Rxh2 48.Rg7 Nf4 49.Re7  0-1

[Event "FTX Crypto Cup KO 2021"]
[Site "chess24.com INT"]
[Date "2021.05.27"]
[Round "1.32"]
[White "Nakamura,Hi"]
[Black "Carlsen,M"]
[Result "0-1"]
[WhiteElo "2736"]
[BlackElo "2847"]

1.e4 e5 2.Nf3 Nc6 3.Bb5 Nf6 4.d3 Bc5 5.c3 O-O 6.O-O d6 7.Re1 a6 8.Ba4 Ba7
9.h3 Ne7 10.Nbd2 Ng6 11.Nf1 d5 12.Qe2 c6 13.Bd2 Re8 14.Rad1 h6 15.Ng3 Be6
16.Qf1 b5 17.Bb3 Qc7 18.exd5 cxd5 19.d4 e4 20.Nh2 Bb8 21.Qe2 Nf4 22.Bxf4 Qxf4
23.Nhf1 Qg5 24.Kh1 Bd6 25.Qd2 Bf4 26.Qc2 Rac8 27.Ne2 Bb8 28.Qd2 Qh4 29.Kg1 Nh5
30.a4 f5 31.axb5 axb5 32.Ra1 f4 33.Ra6 Rcd8 34.f3 e3 35.Qd1 Bxh3 36.Rg6 Bf5
37.Bc2 Bxc2  0-1

[Event "Titled Tuesday 1st June"]
[Site "chess.com INT"]
[Date "2021.06.01"]
[Round "11"]
[White "Abdusattorov,Nodirbek"]
[Black "Nakamura,Hi"]
[Result "1-0"]
[WhiteElo "2627"]
[BlackElo "2736"]

1.e4 e5 2.Nf3 Nc6 3.Bb5 Nf6 4.O-O Nxe4 5.d4 Nd6 6.dxe5 Nxb5 7.a4 Nbd4 8.Nxd4 d5
9.exd6 Nxd4 10.Qxd4 Qxd6 11.Qe4+ Qe6 12.Qd4 Qd6 13.Qe3+ Be7 14.Nc3 c6 15.Ne4 Qg6
16.Nc5 Qd6 17.Re1 b6 18.Ne4 Qe5 19.a5 bxa5 20.Rxa5 Qc7 21.Rg5 Kf8 22.Rxg7 h6
23.Qd4 Be6 24.Rg6 fxg6 25.Qxh8+  1-0

[Event "Titled Tuesday 15th June"]
[Site "chess.com INT"]
[Date "2021.06.15"]
[Round "2"]
[White "Kiseljova,M"]
[Black "Nakamura,Hi"]
[Result "0-1"]
[WhiteElo "2031"]
[BlackElo "2736"]

1.d4 g6 2.Bf4 Bg7 3.Nc3 d6 4.e4 Nd7 5.Qd2 c5 6.d5 a6 7.f3 b5 8.h4 h6 9.O-O-O Nb6
10.Kb1 b4 11.Nce2 Nc4 12.Qe1 Nxb2 13.Nc1 Nxd1 14.Qxd1 Qa5 15.Nb3 Qc7 16.Bc4 a5
17.Ne2 a4 18.Nbc1 Nf6 19.Qd2 Nd7 20.Bb5 Ra5 21.Bc6 Bb7 22.Bxd7+ Qxd7 23.g4 h5
24.gxh5 Rxh5 25.Ng3 Rh8 26.h5 Bc3 27.Qe3 gxh5 28.Nxh5 Kd8 29.Ne2 Qb5 30.Qd3 Qxd3
31.cxd3 Ba6 32.Nxc3 Bxd3+ 33.Kb2 bxc3+ 34.Kxc3 Be2 35.Ng3 Rxh1 36.Nxh1 Bxf3
37.Nf2 f6 38.Bd2 Ra6 39.Kc4 Kc7 40.Nd3 Bxe4 41.Nf4 Ra8 42.Ne6+ Kd7 43.Nf4 a3
44.Bc1 Bb1 45.Kb3 c4+ 46.Kxc4 Bxa2+ 47.Kb4 Bxd5 48.Nxd5 a2 49.Nb6+ Kc6 50.Bb2 Kxb6
51.Ba1 Kc6 52.Kb3 f5  0-1

[Event "Titled Tuesday 27th July"]
[Site "chess.com INT"]
[Date "2021.07.27"]
[Round "2"]
[White "Nakamura,Hi"]
[Black "Kuruppu,Supun Dasantha"]
[Result "1-0"]
[WhiteElo "2736"]
[BlackElo "1826"]

1.Nf3 d6 2.d4 g6 3.e4 Bg7 4.Bc4 a6 5.Qe2 b5 6.Bb3 Bb7 7.a4 b4 8.h4 h6 9.e5 e6
10.Bf4 d5 11.c3 Qe7 12.a5 c5 13.dxc5 Qxc5 14.O-O Nc6 15.Ba4 Qe7 16.Rc1 Kf8
17.cxb4 Nxb4 18.Be3 Rc8 19.Rxc8+ Bxc8 20.Nbd2 Qc7 21.Nb3 Ne7 22.Rc1 Qb7 23.Bb6 Nbc6
24.Nbd4 Bd7 25.Nxc6 Bxc6 26.Bxc6 Nxc6 27.b4 Kg8 28.b5 axb5 29.Qxb5 Nxe5 30.a6 Nxf3+
31.gxf3 Qa8 32.Rc7 Be5 33.Rb7 Kg7 34.Be3 Rb8 35.Bd4 Bxd4 36.Rxb8 Qa7 37.Rb7 Bxf2+
38.Kg2 Qe3 39.Qb2+ d4 40.Qxf2 Qf4 41.a7  1-0

[Event "Titled Tuesday 27th July"]
[Site "chess.com INT"]
[Date "2021.07.27"]
[Round "3"]
[White "Trent,L"]
[Black "Nakamura,Hi"]
[Result "0-1"]
[WhiteElo "2399"]
[BlackElo "2736"]

1.d4 g6 2.Nc3 Bg7 3.e4 a6 4.Be3 b5 5.f3 Bb7 6.Qd2 d6 7.h4 h5 8.Nh3 e6 9.a4 b4
10.Nd1 Qxh4+ 11.Nhf2 Qd8 12.Qxb4 Qc8 13.a5 Nd7 14.Qd2 Ne7 15.c4 c5 16.d5 Qc7
17.Nc3 Rb8 18.Be2 Bc8 19.O-O exd5 20.cxd5 O-O 21.Bg5 Re8 22.f4 Nf8 23.f5 gxf5
24.Bxh5 Neg6 25.exf5 Bxf5 26.Ng4 Bxg4 27.Bxg4 Nh7 28.Bh6 Bd4+ 29.Kh1 Qe7
30.g3 Qe5 31.Rf3 Qh8 32.Bf5 Ne5 33.Rf4 Nf6 34.Rh4 Nf3 35.Qg2 Ne5 36.Rf1 Ng6
37.Rh2 Re5 38.Ne2 Rxb2  0-1

[Event "Chessable Masters Prelim"]
[Site "chess24.com INT"]
[Date "2021.07.31"]
[Round "1.2"]
[White "Nakamura,Hi"]
[Black "Harikrishna,P"]
[Result "1-0"]
[WhiteElo "2736"]
[BlackElo "2730"]

1.e4 c6 2.Nc3 d5 3.Nf3 Bg4 4.h3 Bxf3 5.Qxf3 e6 6.Be2 Nf6 7.O-O Nbd7 8.d4 dxe4
9.Nxe4 Nxe4 10.Qxe4 Be7 11.Rd1 O-O 12.c3 Bg5 13.f4 Bh6 14.g3 g6 15.Be3 Re8
16.Bf3 Qa5 17.Bf2 Rad8 18.Re1 Bg7 19.Qc2 Qc7 20.Re2 h5 21.Kg2 Nf6 22.Rae1 h4
23.g4 Qxf4 24.Bxh4 Qh6 25.Bg3 Nd5 26.Bxd5 Rxd5 27.Rf1 g5 28.Ref2 Rf8 29.a4 e5
30.dxe5 Rfd8 31.Qf5 R8d7 32.Re1 b5 33.a5 c5 34.a6 c4 35.Rfe2 Qc6 36.Kh2 Bh6
37.Qf3 Qe6 38.Bf2 Bf8 39.Qf5 Qxf5 40.gxf5 Bc5 41.e6 Bd6+ 42.Kg2 fxe6 43.fxe6 Re7
44.Bd4 Bf4 45.Bxa7 Kf8 46.Bd4 Bb8 47.Rf1+  1-0

[Event "Chessable Masters Prelim"]
[Site "chess24.com INT"]
[Date "2021.07.31"]
[Round "2.8"]
[White "Anton Guijarro,D"]
[Black "Nakamura,Hi"]
[Result "1/2-1/2"]
[WhiteElo "2673"]
[BlackElo "2736"]

1.d4 Nf6 2.c4 e6 3.Nf3 d5 4.Nc3 Be7 5.Bg5 h6 6.Bh4 O-O 7.e3 Nbd7 8.Rc1 c5
9.cxd5 Nxd5 10.Bxe7 Nxe7 11.Be2 b6 12.O-O Bb7 13.a3 a6 14.dxc5 Nxc5 15.b4 Ne4
16.Nxe4 Bxe4 17.Ne5 Bd5 18.Qd3 f6 19.Nc4 b5 20.Na5 Rc8 21.e4 Ba8 22.Qe3 Qd6
23.Nb3 f5 24.Nc5 Bxe4 25.Nxe4 fxe4 26.Qxe4 Qd5 27.Qg4 Nf5 28.Bf3 Qb3 29.Rce1 Rf6
30.Qe4 Qxa3 31.Ra1 Qc3 32.Rxa6 Nd4 33.Bg4 Rcf8 34.Ra8 Qxb4 35.Rxf8+ Rxf8
36.Bxe6+ Kh8 37.Ba2 Rf4 38.Qd3 Qc3 39.Qg6 Qc6 40.Qd3 Qc3 41.Qg6 Qc6 42.Qd3 Qc3  1/2-1/2

[Event "Chessable Masters Prelim"]
[Site "chess24.com INT"]
[Date "2021.07.31"]
[Round "3.1"]
[White "Nakamura,Hi"]
[Black "Mishra,Abhimanyu"]
[Result "1-0"]
[WhiteElo "2736"]
[BlackElo "2504"]

1.c4 Nf6 2.Nf3 g6 3.Nc3 d5 4.cxd5 Nxd5 5.h4 Nxc3 6.bxc3 Bg7 7.h5 c5 8.e4 Nc6
9.h6 Bf6 10.Bb5 O-O 11.Bxc6 bxc6 12.e5 Bh8 13.O-O Bg4 14.Re1 Qd5 15.Ba3 f6
16.e6 f5 17.d4 cxd4 18.cxd4 Bf6 19.Qb3 Bxf3 20.Qxf3 Qxf3 21.gxf3 Rfd8 22.Rac1 Rac8
23.Rc4 Rxd4 24.Rxd4 Bxd4 25.Bxe7 Re8 26.Bg5 c5 27.Kf1 c4 28.Rd1 Bc5 29.Rd7 Rxe6
30.Rg7+ Kh8 31.Rc7 Bf8 32.Rxa7 Kg8 33.Bd2 g5 34.a4 Bxh6 35.Bc3 g4 36.fxg4 fxg4
37.a5 Bf8 38.a6 Bc5 39.Rc7 Bxf2 40.Kxf2 Rxa6 41.Kg3 Rg6 42.Bd2 h5 43.Bf4 Ra6
44.Kh4 Kf8 45.Bg5 Re6 46.Rxc4 Ke8 47.Rd4 Kf7 48.Kxh5 g3 49.Rd7+ Ke8 50.Rd2 Kf7
51.Bf4 Re4 52.Kg5 Ke6 53.Rd6+ Ke7 54.Bxg3 Re6 55.Rd2 Rc6 56.Kf5 Rf6+ 57.Ke4 Re6+
58.Be5 Rh6 59.Ra2 Rh1 60.Kd5 Rd1+ 61.Bd4 Kf7 62.Rg2 Ke7 63.Rg7+ Kd8 64.Ke4 Kc8
65.Rh7 Kd8 66.Be5 Rc1 67.Kd5 Kc8 68.Bd6 Kd8 69.Bc5 Re1 70.Kd6 Ke8 71.Bd4 Ra1
72.Bxa1  1-0

[Event "Chessable Masters Prelim"]
[Site "chess24.com INT"]
[Date "2021.07.31"]
[Round "4.8"]
[White "Nakamura,Hi"]
[Black "Koneru,H"]
[Result "1/2-1/2"]
[WhiteElo "2736"]
[BlackElo "2586"]

1.Nf3 Nf6 2.b3 g6 3.Bb2 Bg7 4.d4 d5 5.e3 Bf5 6.c4 c6 7.Bd3 Bxd3 8.Qxd3 O-O
9.Nbd2 Nbd7 10.O-O e6 11.b4 a5 12.a3 b6 13.Rfc1 Qe7 14.cxd5 cxd5 15.b5 Rac8
16.a4 Rxc1+ 17.Rxc1 Ra8 18.Ba3 Qd8 19.Rc6 Bf8 20.Bxf8 Kxf8 21.Qc2 Kg7 22.h3 Qe7
23.g3 Qd8 24.Kg2 Rb8 25.Qc3 Ra8 26.Ne1 Ng8 27.Qa3 Ne7 28.Rc3 Rc8 29.Rxc8 Nxc8
30.Nd3 Qc7 31.Nf3 Nd6 32.Nde5 Nxe5 33.Nxe5 Ne4 34.Nc6 Qd6 35.Qb2 h5 36.Qc1 Qc7
37.Qe1 Nd6 38.Qe2 Ne4 39.Qb2 Qd6 40.Qc1 Qc7 41.Qe1 Nd6 42.g4 hxg4 43.hxg4 Nc4
44.g5 Qc8 45.e4 Qh8 46.exd5 Qh4 47.dxe6 Qg4+ 48.Kf1 Qh3+ 49.Kg1 Qg4+ 50.Kf1 Qh3+
51.Kg1 Qg4+ 52.Kf1  1/2-1/2